| 000 | 00359 a2200157 4500 | ||
|---|---|---|---|
| 001 | 52136 | ||
| 020 | _a | ||
| 040 | _cAnchieta - Pituba | ||
| 100 | _aVIDAL, Vielka Maria Nou Falcão | ||
| 240 | 1 | 0 |
_a2ª Inglês, III unidade _lIng |
| 245 | 1 | 0 | _a2ª Inglês, III unidade |
| 300 | _a9 | ||
| 362 | 0 | _a2012 | |
| 650 | 4 | _aInglês e inglês antigo | |
| 942 | _cBK | ||
| 999 |
_c52136 _d52136 |
||